[Event "GER-chT U14"]
[Site "Magdeburg"]
[Date "2019.12.29"]
[Round "5.9"]
[White "Faerber, Sophie"]
[Black "Posselt, Daniel"]
[Result "0-1"]
[WhiteElo "1378"]
[BlackElo "1289"]
[PlyCount "75"]
[EventDate "2019.12.27"]
[EventType "team-swiss"]
[EventRounds "7"]
[EventCountry "GER"]
[SourceTitle "CBM 194 Extra"]
[Source "ChessBase"]
[SourceDate "2020.03.31"]
[SourceVersion "1"]
[SourceVersionDate "2020.03.31"]
[SourceQuality "1"]
[WhiteTeam "Walldorf"]
[BlackTeam "Dresden TU"]
[WhiteTeamCountry "GER"]
[BlackTeamCountry "GER"]

1. e4 e5 2. Nf3 Nc6 3. Bc4 Bc5 4. c3 Nf6 5. d3 h6 6. Bb3 0-0 7. Be3 Bb6 8. Nbd2 d6 9. Nf1 Ne7 10. Ng3 c6 11. d4 Bc7 12. dxe5 dxe5 13. h3 b6 14. 0-0 Bb7 15. Bc2 c5 16. b4 c4 17. a4 a6 18. Qe2 b5 19. Rfd1 Qe8 20. Bc5 Nd7 21. Bd6 Bxd6 22. Rxd6 Nc8 23. Rd2 Ncb6 24. Nf5 Nf6 25. Nd6 Qe7 26. axb5 axb5 27. Rxa8 Rxa8 28. Nxb5 Bc6 29. Nd6 Qe6 30. Nf5 Ne8 31. Qd1 Bd7 32. Qe2 Ra2 33. Bd1 Ra6 34. Qe3 Ba4 35. Be2 Nd7 36. Bf1 Bb5 37. Qe2 Nd6 38. Nxd6 0-1

[Event "GER-chT U14"]
[Site "Magdeburg"]
[Date "2019.12.27"]
[Round "2.4"]
[White "Korek, Jakob Alexander"]
[Black "Posselt, Daniel"]
[Result "1-0"]
[WhiteElo "1656"]
[BlackElo "1289"]
[PlyCount "85"]
[EventDate "2019.12.27"]
[EventType "team-swiss"]
[EventRounds "7"]
[EventCountry "GER"]
[SourceTitle "CBM 194 Extra"]
[Source "ChessBase"]
[SourceDate "2020.03.31"]
[SourceVersion "1"]
[SourceVersionDate "2020.03.31"]
[SourceQuality "1"]
[WhiteTeam "Koenigsjaeger Sued West"]
[BlackTeam "Dresden TU"]
[WhiteTeamCountry "GER"]
[BlackTeamCountry "GER"]

1. d4 d5 2. c4 e6 3. Nc3 Nf6 4. Nf3 Nc6 5. e3 Bd7 6. a3 g6 7. Be2 Bg7 8. b4 0-0 9. 0-0 b6 10. Qb3 Ne7 11. Ne5 Rc8 12. Bf3 Be8 13. Nd3 c6 14. c5 Qc7 15. a4 a6 16. cxb6 Qxb6 17. Nc5 Nd7 18. Nxd7 Bxd7 19. Ba3 Rfe8 20. a5 Qa7 21. Na4 Rb8 22. Nc5 Nf5 23. Be2 Bc8 24. Qa4 Bb7 25. Rac1 Bf8 26. Nd7 Rbc8 27. Nf6+ Kg7 28. Nxe8+ Rxe8 29. Qb3 Nd6 30. Qc3 Rc8 31. f3 Kg8 32. Bb2 Bg7 33. Bd3 Ba8 34. Qc5 Qxc5 35. Rxc5 Bb7 36. Rfc1 Kf8 37. Bxa6 Bxa6 38. Rxc6 Rxc6 39. Rxc6 Nc4 40. Rxa6 Nxb2 41. b5 Nc4 42. b6 Nd6 43. Ra8+ 1-0

[Event "GER-chT U14"]
[Site "Magdeburg"]
[Date "2019.12.27"]
[Round "1.8"]
[White "Posselt, Daniel"]
[Black "Rennkamp, David"]
[Result "1-0"]
[WhiteElo "1289"]
[BlackElo "1395"]
[PlyCount "117"]
[EventDate "2019.12.27"]
[EventType "team-swiss"]
[EventRounds "7"]
[EventCountry "GER"]
[SourceTitle "CBM 194 Extra"]
[Source "ChessBase"]
[SourceDate "2020.03.31"]
[SourceVersion "1"]
[SourceVersionDate "2020.03.31"]
[SourceQuality "1"]
[WhiteTeam "Dresden TU"]
[BlackTeam "Lueneburg Turm"]
[WhiteTeamCountry "GER"]
[BlackTeamCountry "GER"]

1. e4 e5 2. Nf3 Nc6 3. Bc4 Bc5 4. c3 Nf6 5. d3 0-0 6. 0-0 d6 7. Bg5 h6 8. Be3 Bb6 9. Nbd2 Ne7 10. h3 Ng6 11. Qe2 Be6 12. b4 Nh7 13. Rfe1 Qf6 14. d4 Rfe8 15. d5 Bd7 16. Bb3 Nf4 17. Bxf4 Qxf4 18. Rac1 Ng5 19. Nxg5 Qxg5 20. Nf3 Qg6 21. Kh2 f5 22. c4 c5 23. dxc6 Be6 24. cxb7 Rab8 25. exf5 Qxf5 26. c5 Bc7 27. Bxe6+ Qxe6 28. c6 d5 29. Kg1 Qd6 30. Nh2 e4 31. Nf1 Rf8 32. b5 Bb6 33. Ne3 Rf7 34. Rf1 Rbf8 35. Rcd1 Bc7 36. g3 d4 37. Nc4 Qd5 38. Nd2 Re7 39. Qc4 Qxc4 40. Nxc4 e3 41. fxe3 dxe3 42. Rxf8+ Kxf8 43. Re1 Bxg3 44. Rxe3 Bc7 45. Kf2 Rxe3 46. Kxe3 Ke7 47. Ke4 Ke6 48. a4 Ke7 49. a5 g5 50. b6 axb6 51. axb6 g4 52. hxg4 h5 53. gxh5 Bxb6 54. Nxb6 Ke6 55. b8Q Kf7 56. Qd6 Kg8 57. c7 Kf7 58. c8Q Kg7 59. Qg6# 1-0

[Event "GER-chT U10"]
[Site "Magdeburg"]
[Date "2015.12.29"]
[Round "6.3"]
[White "Posselt, Daniel"]
[Black "Conradi, Bennet"]
[Result "1-0"]
[WhiteElo "855"]
[BlackElo "863"]
[PlyCount "83"]
[EventDate "2015.12.27"]
[EventType "team-swiss"]
[EventRounds "7"]
[EventCountry "GER"]
[SourceTitle "EXT 2017"]
[Source "ChessBase"]
[SourceDate "2016.10.25"]
[SourceVersion "1"]
[SourceVersionDate "2016.10.25"]
[SourceQuality "1"]
[WhiteTeam "Dresden TU II"]
[BlackTeam "Breitenworbis"]
[WhiteTeamCountry "GER"]
[BlackTeamCountry "GER"]

1. e4 e5 2. Nf3 Nc6 3. Bc4 Be7 4. d3 Nf6 5. Bg5 0-0 6. Nc3 d6 7. h3 Be6 8. 0-0 Bxc4 9. dxc4 a5 10. a4 Nb4 11. b3 g6 12. Qe2 Kg7 13. Rac1 Rh8 14. Rfd1 Ra6 15. c5 h6 16. Bxf6+ Bxf6 17. cxd6 cxd6 18. Nb5 Be7 19. Nxe5 Bf6 20. Nc4 Be7 21. e5 d5 22. Ne3 Bg5 23. Nxd5 Nxd5 24. Rb1 Be7 25. Nc3 Qc7 26. Nxd5 Qd8 27. Nb4 Qa8 28. Nxa6 bxa6 29. c4 Re8 30. Qf3 Qa7 31. Rdc1 Qd4 32. Qe3 Qd7 33. c5 Rc8 34. b4 Qxa4 35. bxa5 Qa2 36. c6 Rc7 37. Qb6 Bd8 38. Qb8 Qd5 39. Rb7 Qxe5 40. Qxd8 Rxc6 41. Rxc6 Qe1+ 42. Kh2 1-0